Hypnos en Heraclito

Salvato in:
Dettagli Bibliografici
Autore principale: Segura Cortés, Eugenio V.
Natura: Libro
Lingua:Undetermined
Pubblicazione: San José, Costa Rica Universidad de Costa Rica, Escuela de Filosofía 1971
Soggetti:
Tags: Aggiungi Tag
Nessun Tag, puoi essere il primo ad aggiungerne!!

MARC

LEADER 00000nam a2200000Ia 4500
008 170316s9999 xx 000 0 und d
999 |c 13875  |d 13875 
040 |a cru BVZT 
090 |a TESIS 258 
100 |a Segura Cortés, Eugenio V. 
245 |a Hypnos en Heraclito 
260 |a San José, Costa Rica  |b Universidad de Costa Rica, Escuela de Filosofía  |c 1971 
300 |a 117 páginas 
650 |a LICENCIATURA EN FILOSOFÍA 
650 |a TRABAJO FINAL DE GRADUACIÓN  |9 237 
942 |c TFG  |h TESIS 258  |2 z